[Event "Pombal op 11th"]
[Site "Pombal"]
[Date "2020.10.04"]
[Round "4"]
[White "Dong, Rafael"]
[Black "Veleirinho, Antonio Carlos"]
[Result "1/2-1/2"]
[WhiteElo "1560"]
[BlackElo "1240"]
[PlyCount "129"]
[EventDate "2020.10.02"]
[EventType "swiss"]
[EventRounds "7"]
[EventCountry "POR"]
[SourceTitle "CBM 198 Extra"]
[Source "ChessBase"]
[SourceDate "2020.11.30"]
[SourceVersion "1"]
[SourceVersionDate "2020.11.30"]
[SourceQuality "1"]

1. c4 Nf6 2. Nc3 g6 3. e4 d6 4. d4 Bg7 5. h3 0-0 6. Be3 Nbd7 7. g4 c5 8. d5 Ne8 9. Nge2 Ne5 10. Ng3 Nc7 11. f4 Nd7 12. Bd3 e6 13. Qc2 Qh4 14. Bf2 Bd4 15. 0-0-0 Bxf2 16. Qxf2 e5 17. f5 a6 18. Qe3 b5 19. fxg6 fxg6 20. Rdf1 Bb7 21. cxb5 axb5 22. Bxb5 Nxb5 23. Rxf8+ Nxf8 24. Nxb5 Rxa2 25. Nxd6 Ra7 26. Nxb7 Rxb7 27. Qf3 Qg5+ 28. Kc2 Rb4 29. Rf1 Qe7 30. d6 Qg7 31. Qf6 Qxf6 32. Rxf6 Nd7 33. Re6 Rc4+ 34. Kb1 Rd4 35. Re8+ Nf8 36. Rxe5 Rxd6 37. Rxc5 Ne6 38. Rd5 Rc6 39. Ne2 Rc4 40. e5 Re4 41. Nc3 Re1+ 42. Ka2 Nf4 43. Rd8+ Kg7 44. Rd7+ Kh6 45. h4 Rxe5 46. g5+ Kh5 47. Rxh7+ Kg4 48. Rh6 Re1 49. b4 Rh1 50. b5 Rxh4 51. Rxh4+ Kxh4 52. b6 Nd3 53. Kb3 Nc5+ 54. Kc4 Nd7 55. b7 Kxg5 56. Kd5 Kf5 57. Kd6 Nb8 58. Na4 g5 59. Nc5 g4 60. Kc7 g3 61. Kxb8 g2 62. Kc8 g1Q 63. b8Q Qg8+ 64. Kb7 Qxb8+ 65. Kxb8 1/2-1/2